000 00500nmm a2200169Ia 4500
008 251105s9999||||xx |||||||||||||||||und||
020 _a8460080072
041 _aspa
100 _aFernández de Rota, José Antonio
245 0 _aSimposio Rito y Misterio
264 _a[Madrid, España] :
_bUniversidade da Coruña,
_c1992
300 _a178 páginas
490 _aCursos, congresos e simposios
650 _aAnthropology
856 _uhttps://public.digitaliapublishing.com/a/1132
942 _cCF
999 _c73047
_d73047